|
|
|
|
| LEADER |
00000nam0a2200000 4500 |
| 001 |
338300 |
| 005 |
20231102005032.0 |
| 035 |
|
|
|a (RuTPU)RU\TPU\book\364789
|
| 090 |
|
|
|a 338300
|
| 100 |
|
|
|a 20171122d1962 km y0rusy50 ca
|
| 101 |
0 |
|
|a rus
|
| 102 |
|
|
|a RU
|a UA
|
| 105 |
|
|
|a a z 001zy
|
| 200 |
1 |
|
|a Повышение эффективности токарных автоматов
|f Н. М. Лыч, В. Г. Чирков
|
| 210 |
|
|
|a Москва
|a Киев
|c Машгиз
|d 1962
|
| 215 |
|
|
|a 159 с.
|c ил.
|
| 320 |
|
|
|a Библиогр.: с. 158
|
| 606 |
1 |
|
|a Токарные станки-автоматы
|x Эффективность
|2 stltpush
|3 (RuTPU)RU\TPU\subj\60846
|9 78069
|
| 610 |
1 |
|
|a экономическая эффективность
|
| 610 |
1 |
|
|a производительность
|
| 610 |
1 |
|
|a повышение
|
| 610 |
1 |
|
|a режимы резания
|
| 610 |
1 |
|
|a технологическая подготовка
|
| 610 |
1 |
|
|a размещение
|
| 610 |
1 |
|
|a структура
|
| 610 |
1 |
|
|a нормирование
|
| 610 |
1 |
|
|a обслуживание
|
| 675 |
|
|
|a 621.941.23
|v 4
|
| 700 |
|
1 |
|a Лыч
|b Н. М.
|g Николай Михайлович
|
| 701 |
|
1 |
|a Чирков
|b В. Г.
|g Владимир Григорьевич
|
| 801 |
|
1 |
|a RU
|b 63413507
|c 20171122
|
| 801 |
|
2 |
|a RU
|b 63413507
|c 20220506
|g RCR
|
| 942 |
|
|
|c BK
|